[Event "SCG-chT 4th"]
[Site "Vrnjacka Banja"]
[Date "2006.05.06"]
[Round "6"]
[White "Subasic, Dragan"]
[Black "Cobic, Vladimir"]
[Result "0-1"]
[WhiteElo "2351"]
[BlackElo "2327"]
[PlyCount "48"]
[EventDate "2006.05.01"]
[EventType "team"]
[EventRounds "7"]
[EventCountry "YUG"]
[SourceTitle "CBM 112 Extra"]
[Source "ChessBase"]
[SourceDate "2006.07.14"]
[SourceVersion "1"]
[SourceVersionDate "2006.07.14"]
[SourceQuality "1"]

1. d4 f5 2. g3 g6 3. Nf3 Bg7 4. Bg2 Nf6 5. 0-0 0-0 6. c4 d6 7. Nc3 Qe8 8. Nd5 Na6 9. Re1 Ne4 10. Ng5 c6 11. Nxe4 fxe4 12. Ne3 Qf7 13. Rf1 Qf6 14. Nc2 Bf5 15. Bd2 Qe6 16. b3 Bh3 17. Be3 Bxg2 18. Kxg2 Rf5 19. Rh1 d5 20. cxd5 Rxd5 21. b4 Nc7 22. a4 Qd7 23. Qd2 e5 24. Rad1 Ne6 0-1

[Event "SCG-chT 4th"]
[Site "Vrnjacka Banja"]
[Date "2006.05.01"]
[Round "1"]
[White "Subasic, Dragan"]
[Black "Todorovic, Goran M"]
[Result "0-1"]
[WhiteElo "2351"]
[BlackElo "2480"]
[PlyCount "82"]
[EventDate "2006.05.01"]
[EventType "team"]
[EventRounds "7"]
[EventCountry "YUG"]
[SourceTitle "CBM 112 Extra"]
[Source "ChessBase"]
[SourceDate "2006.07.14"]
[SourceVersion "1"]
[SourceVersionDate "2006.07.14"]
[SourceQuality "1"]

1. e4 c5 2. Nc3 e6 3. g3 d5 4. Bg2 dxe4 5. Nxe4 Be7 6. Ne2 Nf6 7. 0-0 Nxe4 8. Bxe4 0-0 9. d3 Nd7 10. Nc3 Rb8 11. a4 a6 12. a5 h6 13. h4 Bd6 14. Bd2 Bc7 15. Ne2 Nf6 16. Bg2 e5 17. Be3 Bd6 18. Nc3 Ng4 19. Bd2 Kh8 20. Ne4 f5 21. Nxd6 Qxd6 22. Qe1 f4 23. b4 fxg3 24. fxg3 Rxf1+ 25. Bxf1 Bd7 26. Qe4 Rf8 27. Re1 Qf6 28. Be3 cxb4 29. Bg2 Nxe3 30. Qxe3 Rc8 31. Re2 Bc6 32. Bh3 Rf8 33. Bg2 Bxg2 34. Kxg2 Qf1+ 35. Kh2 Qa1 36. Rf2 Rc8 37. Qb6 Qd4 38. Qxd4 exd4 39. Rf4 Rxc2+ 40. Kh3 Rc5 41. Rxd4 b3 0-1

[Event "YUG-ch sf"]
[Site "Nis"]
[Date "1995.??.??"]
[Round "?"]
[White "Kostic, Nebojsa"]
[Black "Subasic, Dragan"]
[Result "1-0"]
[WhiteElo "2340"]
[BlackElo "2220"]
[PlyCount "81"]
[EventDate "1995.??.??"]
[EventType "swiss"]
[EventRounds "11"]
[EventCountry "YUG"]
[SourceTitle "EXT 2000"]
[Source "ChessBase"]
[SourceDate "1999.11.16"]
[SourceVersion "1"]
[SourceVersionDate "1999.11.16"]
[SourceQuality "1"]

1. c4 Nf6 2. Nc3 g6 3. g3 Bg7 4. Bg2 0-0 5. d3 c6 6. e4 d6 7. h3 e5 8. Nge2 Be6 9. 0-0 Qd7 10. Kh2 Ne8 11. b3 c5 12. a3 Nc6 13. Rb1 f5 14. Nd5 Nc7 15. b4 cxb4 16. axb4 Rab8 17. b5 Ne7 18. b6 axb6 19. Nxe7+ Qxe7 20. exf5 gxf5 21. Rxb6 d5 22. Qa4 Rfd8 23. Ba3 Qf7 24. Bd6 Na8 25. Bxb8 Nxb6 26. Qa5 Rxb8 27. Qxb6 dxc4 28. Qd6 Re8 29. dxc4 Bxc4 30. Rc1 Kh8 31. Nc3 e4 32. Qc5 Bd3 33. Nd5 Rd8 34. Nf4 Bd4 35. Qa5 b6 36. Qe1 Ba6 37. Rd1 Bf6 38. Rxd8+ Bxd8 39. Qa1+ Bf6 40. Qxa6 Bd4 41. Qc8+ 1-0

[Event "YUG-ch sf"]
[Site "Nis"]
[Date "1995.??.??"]
[Round "?"]
[White "Subasic, Dragan"]
[Black "Perisic, Radivoj"]
[Result "0-1"]
[WhiteElo "2220"]
[BlackElo "2310"]
[PlyCount "84"]
[EventDate "1995.??.??"]
[EventType "swiss"]
[EventRounds "11"]
[EventCountry "YUG"]
[SourceTitle "EXT 2000"]
[Source "ChessBase"]
[SourceDate "1999.11.16"]
[SourceVersion "1"]
[SourceVersionDate "1999.11.16"]
[SourceQuality "1"]

1. e4 c5 2. Nf3 d6 3. d4 cxd4 4. Nxd4 Nf6 5. Nc3 Nc6 6. Bg5 e6 7. Qd2 a6 8. f4 h6 9. Bxf6 Qxf6 10. Nf3 Qd8 11. 0-0-0 Qc7 12. g4 b5 13. Kb1 b4 14. Na4 Be7 15. Bg2 Bd7 16. b3 0-0 17. Nc5 Rfd8 18. Nxd7 Rxd7 19. g5 Qa5 20. h4 Na7 21. a4 Rc7 22. Qc1 Rac8 23. Rd2 Rc3 24. Qb2 h5 25. e5 Qb6 26. Rhd1 d5 27. f5 exf5 28. Nd4 g6 29. Bxd5 Qc5 30. Bc4 Qxe5 31. Re2 Qc5 32. Rde1 Bf8 33. Ne6 fxe6 34. Rxe6 Kh7 35. Rd1 Rc7 36. Qc1 Rxc4 37. bxc4 Qxc4 38. Rde1 Bg7 39. Qd2 Nc8 40. R1e3 Qc5 41. Rxa6 Nb6 42. Qe2 Nd5 0-1

[Event "YUG-ch sf"]
[Site "Nis"]
[Date "1995.??.??"]
[Round "?"]
[White "Zivic, Dragan"]
[Black "Subasic, Dragan"]
[Result "1-0"]
[WhiteElo "2270"]
[BlackElo "2220"]
[PlyCount "81"]
[EventDate "1995.??.??"]
[EventType "swiss"]
[EventRounds "11"]
[EventCountry "YUG"]
[SourceTitle "EXT 2000"]
[Source "ChessBase"]
[SourceDate "1999.11.16"]
[SourceVersion "1"]
[SourceVersionDate "1999.11.16"]
[SourceQuality "1"]

1. e4 c5 2. g3 e6 3. Bg2 Nc6 4. d3 d5 5. Nd2 Nf6 6. Ne2 Be7 7. 0-0 0-0 8. h3 Rb8 9. a4 a6 10. f4 dxe4 11. Nxe4 Qc7 12. Be3 b6 13. c3 Bb7 14. Qc2 Rfd8 15. Rad1 Nd5 16. Bf2 h6 17. Nd2 Bf6 18. Ne4 Be7 19. Nd2 e5 20. fxe5 Nxe5 21. d4 cxd4 22. Nxd4 Rbc8 23. Ne4 Bf8 24. Nf5 g6 25. Rxd5 gxf5 26. Nf6+ Kh8 27. Qxf5 Ng6 28. Rxd8 Rxd8 29. Bxb7 Qxb7 30. h4 Qc7 31. Re1 Bc5 32. Ne8 Qxg3+ 33. Kf1 Qxf2+ 34. Qxf2 Bxf2 35. Kxf2 Nxh4 36. Nc7 a5 37. Rh1 Nf5 38. Rh5 Nd6 39. Rxh6+ Kg7 40. Rxd6 Rh8 41. Rxb6 1-0